000 00675nam a2200241Ia 4500
003 OSt
005 20221007071343.0
006 a|||||r|||| 00| 0
007 ta
008 221006b |||||||| |||| 00| 0 eng d
024 _a18,258
037 _cTextual
040 _aFLL
_cFLL
_beng
041 _2eng
_aeng
082 _aZb, L1
100 _aMatthews E.J.T. Au.
_9688586
245 0 _aMatthews and oulton on legal aid and advice
260 _aLondon
_bButterworths England
_c1971
300 _a111p
_ccm.
700 _a Oulton A.D.M. Au.
_9688587
942 _hZb, L1
_cTEXL
_2CC
999 _c1143136
_d1143136